[Event "XXVII Belgrade Trophy"]
[Site "Obrenovac SRB"]
[Date "2013.11.24"]
[Round "1.15"]
[White "Radovanovic,Mihajlo"]
[Black "Nenezic,M"]
[Result "0-1"]
[WhiteElo "1995"]
[BlackElo "2417"]

1.Nf3 Nf6 2.c4 g6 3.g3 Bg7 4.Bg2 O-O 5.O-O d6 6.d4 Nc6 7.Nc3 a6 8.Bd2 Rb8
9.Rc1 Bg4 10.d5 Na5 11.b3 c5 12.Qe1 b5 13.Nd1 Nb7 14.e4 e6 15.h3 Bxf3 16.Bxf3 exd5
17.exd5 Re8 18.Ne3 b4 19.Qd1 a5 20.Rc2 a4 21.Bc1 h5 22.Bg2 Ra8 23.Qd3 Nd7
24.f4 axb3 25.Qxb3 Rxe3 26.Bxe3 Ra3 27.Qxa3 bxa3 28.Rb1 Qe7 29.Rb3 Bb2 30.Bf2 Nd8
31.Re3 Qf6 32.Re8+ Kg7 33.Rce2 Nb6 34.R2e4 Bd4 35.Bf1 Na4 36.Bxd4 cxd4 37.Bd3 Nc5
38.R4e7 Nxd3 39.Rd7 Qf5  0-1

[Event "2nd Hyderabad GM Open 2013"]
[Site "Hyderabad IND"]
[Date "2013.11.25"]
[Round "1.3"]
[White "Vidit,S"]
[Black "Praneeth,S"]
[Result "1-0"]
[WhiteElo "2582"]
[BlackElo "2260"]

1.Nf3 Nf6 2.c4 g6 3.g3 Bg7 4.Bg2 O-O 5.O-O d6 6.Nc3 c6 7.d3 e5 8.Rb1 a5 9.a3 h6
10.b4 axb4 11.axb4 Be6 12.c5 dxc5 13.bxc5 Nbd7 14.Qc2 Qa5 15.Rxb7 Nxc5 16.Rb1 Ncd7
17.Bd2 Qa6 18.Qc1 Kh7 19.Rb4 Qa3 20.Rh4 Qxc1 21.Rxc1 Bd5 22.g4 Kg8 23.g5 hxg5
24.Nxg5 Rfb8 25.Bh3 Nf8 26.Nxd5 cxd5 27.Rc7 Ra2 28.Nxf7 N6h7 29.Nh6+ Bxh6
30.Bxh6 Rxe2 31.Rg7+ Kh8 32.Rc7 Kg8 33.Bg7 Rb1+ 34.Kg2 Rbb2 35.Bxe5 Rb7 36.Rxb7 Rxe5
37.Ra4 Nf6 38.Ra8 Nh7 39.Rxh7  1-0

[Event "XXVII Belgrade Trophy"]
[Site "Obrenovac SRB"]
[Date "2013.11.26"]
[Round "3.16"]
[White "Ninov,D"]
[Black "Stojanovic,Da"]
[Result "0-1"]
[WhiteElo "2219"]
[BlackElo "2508"]

1.c4 Nf6 2.Nf3 g6 3.g3 Bg7 4.Bg2 O-O 5.O-O d6 6.Nc3 e5 7.d3 Nc6 8.Rb1 h6
9.b4 Be6 10.Nd2 Qc8 11.Nd5 Bh3 12.b5 Bxg2 13.Kxg2 Nxd5 14.cxd5 Ne7 15.e4 f5
16.f3 g5 17.Nc4 Rf7 18.Bd2 Qd7 19.Qe2 b6 20.a4 Raf8 21.Rbc1 Bf6 22.g4 fxg4
23.fxg4 Ng6 24.h3 Nf4+ 25.Bxf4 gxf4 26.Nd2 h5 27.g5 Bxg5 28.Nf3 Rg7 29.Kh2 Bh6
30.Rg1 Rg3  0-1

[Event "1st Lima International 2013"]
[Site "Lima PER"]
[Date "2013.11.29"]
[Round "5.4"]
[White "Condori,E"]
[Black "Martinez Alcantara,Jose Eduardo"]
[Result "1/2-1/2"]
[WhiteElo "2162"]
[BlackElo "2301"]

1.Nf3 Nf6 2.c4 g6 3.g3 Bg7 4.Bg2 O-O 5.O-O c6 6.d4 d5 7.cxd5 Nxd5 8.e4 Nb6
9.h3 N8d7 10.Nc3 a5 11.Qe2 e5 12.Bg5 Qe8 13.Rfd1 exd4 14.Nxd4 Nc5 15.Be3 Nba4
16.Nxa4 Nxa4 17.Rac1 Bd7 18.b3 c5 19.bxa4 cxd4 20.Bxd4 Bxa4 21.Bxg7 Kxg7
22.Qb2+ Kg8 23.Rd6 Rc8 24.Rxc8 Qxc8 25.h4 b5 26.h5 Qc2 27.Qf6 Qc1+ 28.Bf1 Qh6
29.Rd8 Qxh5 30.Rxf8+ Kxf8 31.Qd8+ Kg7 32.Qxa5 Qe5 33.Qb4 g5 34.a3 h5 35.Qd2 g4
36.Qe3 Kg6 37.Bg2 f6 38.f4 gxf3 39.Qxf3 Bc2 40.Qf4 Qc5+ 41.Kh2 Bd3 42.Qb8 Bc4
43.Qe8+ Bf7 44.Qb8 Qe5 45.Qxe5 fxe5 46.Kg1 Kg5 47.Bh3 Be8 48.Kf2  1/2-1/2

[Event "Snowdrops vs Old Hands Match 2013"]
[Site "Podebrady CZE"]
[Date "2013.12.01"]
[Round "2.4"]
[White "Ivkov,B"]
[Black "Kashlinskaya,A"]
[Result "1/2-1/2"]
[WhiteElo "2408"]
[BlackElo "2422"]

1.Nf3 Nf6 2.c4 g6 3.g3 Bg7 4.Bg2 O-O 5.O-O d6 6.d4 Nbd7 7.Nc3 e5 8.e4 a6
9.Re1 exd4 10.Nxd4 Ng4 11.Qxg4 Bxd4 12.Qd1 Bg7 13.Be3 Ne5 14.c5 Nc4 15.cxd6 cxd6
16.Qe2 Be6 17.Rac1 Qa5 18.Red1 Rac8 19.Nd5 Bxd5 20.Rxd5 Qxa2 21.Bd4 Bxd4
22.Rxd4 Nxb2 23.Rxc8 Rxc8 24.Bf1 Qb1 25.Rxd6 Na4 26.e5 Nc5 27.e6 fxe6 28.Rxe6 Rf8
29.Re5 Nd7 30.Re7 Qf5 31.Qa2+ Kh8 32.Qb2+ Qf6 33.Qxf6+ Nxf6 34.Rxb7 Ne4 35.Bxa6  1/2-1/2

[Event "IV JAHV McGregor 2013"]
[Site "Bogota COL"]
[Date "2013.12.05"]
[Round "2.28"]
[White "Valle,E"]
[Black "Arribas Robaina,M"]
[Result "0-1"]
[WhiteElo "2218"]
[BlackElo "2314"]

1.Nf3 Nf6 2.g3 g6 3.Bg2 Bg7 4.c4 O-O 5.O-O d6 6.Nc3 c6 7.d4 Nbd7 8.b4 e5
9.dxe5 dxe5 10.e4 Qe7 11.Rb1 Rd8 12.Qe2 Nf8 13.Be3 Bg4 14.Bc5 Qe8 15.Bxf8 Bxf8
16.h3 Bxf3 17.Bxf3 Rd4 18.b5 Qe6 19.bxc6 bxc6 20.h4 Qxc4 21.Rfc1 Qxe2 22.Nxe2 Rd6
23.Rb7 Nd7 24.Rc7 Nc5 25.Kg2 Nd3 26.Rb1 Rf6 27.Rd7 Nc5 28.Rd2 Rd6 29.Rc2 Rdd8
30.Rbc1 Nd3 31.Rb1 Rab8 32.Rd1 Nb4 33.Rcd2 Be7 34.Nc3 Rxd2 35.Rxd2 Rd8 36.Rxd8+ Bxd8
37.Be2 Bb6 38.Bc4 Kf8 39.Kf3 Nc2 40.Ke2 Ke7 41.Nd1 Bd4 42.Bb3 Na3 43.Kd3 Nb5
44.Bc4 Nd6 45.Bb3 Nb7 46.Bc2 Nc5+ 47.Ke2 Kd6 48.Ne3 Bxe3 49.Kxe3 Ne6 50.Bb3 h6
51.Kd2 f6 52.Kc3 g5 53.hxg5 fxg5 54.Bd1 Nc5 55.Bf3 Nd7 56.Kb4 Nf6 57.Kc4 h5
58.Kd3 Kc5 59.Bd1 Ng4 60.Ke2 Kd4 61.f3 Nf6 62.Ba4 c5  0-1

[Event "63rd ch-HUN 2013"]
[Site "Gyula HUN"]
[Date "2013.12.05"]
[Round "3.1"]
[White "Banusz,T"]
[Black "Toth,E"]
[Result "1-0"]
[WhiteElo "2598"]
[BlackElo "2477"]

1.Nf3 Nf6 2.c4 g6 3.g3 Bg7 4.Bg2 O-O 5.O-O d6 6.d4 Nbd7 7.Nc3 e5 8.e4 c6
9.h3 exd4 10.Nxd4 Re8 11.Be3 Nc5 12.Qc2 a5 13.Rad1 Qe7 14.Rfe1 a4 15.Qd2 Nfd7
16.f4 Nb6 17.Bf1 Be6 18.b3 axb3 19.axb3 Ra3 20.Qc2 Bd7 21.Bf2 h5 22.Nde2 Nc8
23.Nb1 Ra8 24.Nec3 g5 25.e5 dxe5 26.fxg5 Rd8 27.h4 b6 28.b4 Ne6 29.b5 Nc5
30.Bg2 Na7 31.bxc6 Bxc6 32.Nd5 Bxd5 33.Bxd5 Rac8 34.g6 Rxd5 35.cxd5 Nb5 36.Qe2 Nd6
37.Qxh5 fxg6 38.Qxg6 Rf8 39.Bxc5 bxc5 40.Qe6+  1-0

[Event "IV JAHV McGregor 2013"]
[Site "Bogota COL"]
[Date "2013.12.07"]
[Round "7.36"]
[White "Fernandez,Fe"]
[Black "Corredor Rengifo,Luis Fernando"]
[Result "1-0"]
[WhiteElo "2319"]
[BlackElo "2030"]

1.Nf3 Nf6 2.c4 g6 3.g3 Bg7 4.Bg2 O-O 5.O-O d5 6.d4 dxc4 7.Qa4 c6 8.Qxc4 Nbd7
9.Nc3 Nb6 10.Qd3 Be6 11.Rd1 Qc8 12.e4 Bh3 13.a4 Bxg2 14.Kxg2 Rd8 15.Bf4 Nh5
16.Bg5 f6 17.a5 Nd7 18.Be3 Nf8 19.Qc4+ Kh8 20.d5 c5 21.h3 g5 22.e5 Ng6 23.e6 Bf8
24.Qxc5 Ng7 25.Qxc8 Rdxc8 26.g4 Ne8 27.Ra4 Nd6 28.Rdd4 Bg7 29.Rdb4 a6 30.Ne2 Nb5
31.Ned4 Nc7 32.d6 exd6 33.Rxb7 Rab8 34.Rab4 Nb5 35.Rxb8 Rxb8 36.Nxb5 axb5
37.a6 Ra8 38.a7 Nf4+ 39.Bxf4 gxf4 40.Rxb5 Rxa7 41.Rb8+ Bf8 42.Rxf8+ Kg7 43.Rd8 Rb7
44.Rd7+  1-0

[Event "5th Classic Open 2013"]
[Site "London ENG"]
[Date "2013.12.08"]
[Round "2.12"]
[White "Roe,S"]
[Black "Van Kampen,R"]
[Result "0-1"]
[WhiteElo "2263"]
[BlackElo "2601"]

1.Nf3 Nf6 2.c4 g6 3.g3 Bg7 4.Bg2 O-O 5.O-O d6 6.d4 Nc6 7.Nc3 Rb8 8.d5 Na5
9.Nd2 c5 10.Qc2 a6 11.b3 e5 12.Bb2 h5 13.h3 Nh7 14.e3 Bf5 15.Nce4 Qe7 16.Bc3 b6
17.Qb2 Bxe4 18.Nxe4 f5 19.Nd2 h4 20.gxh4 Rf7 21.Rae1 Qxh4 22.f4 e4 23.Re2 Nb7
24.Rff2 Rbf8 25.Nf1 Bxc3 26.Qxc3 Rg7 27.Qe1 Nd8 28.Rb2 g5 29.Rfe2 Qh6 30.Rf2 Nf7
31.Kh2 Nf6 32.Kg1 Nh5 33.Qc1 gxf4 34.exf4 Nh8 35.b4 Ng6 36.bxc5 bxc5 37.Rb3 Ngxf4
38.Kh2 Qf6 39.Qd2 Qe5 40.Kh1 Kh7 41.Qb2 Nd3  0-1

[Event "5th Classic Open 2013"]
[Site "London ENG"]
[Date "2013.12.09"]
[Round "3.9"]
[White "Cox,JohnJ"]
[Black "Hebden,M"]
[Result "1-0"]
[WhiteElo "2382"]
[BlackElo "2560"]

1.c4 g6 2.g3 Bg7 3.Bg2 Nf6 4.Nf3 O-O 5.Nc3 d6 6.O-O Nc6 7.d3 e5 8.Rb1 a5
9.a3 Nd4 10.Bg5 Ne6 11.Bxf6 Bxf6 12.b4 Bg7 13.e3 f5 14.d4 axb4 15.axb4 exd4
16.Nxd4 Nxd4 17.exd4 f4 18.b5 Ra3 19.Qc1 Ra5 20.Bd5+ Kh8 21.Qd2 f3 22.Rb3 Bh3
23.Re1 Qa8 24.Qe3 Bg2 25.Qe4 Ra1 26.Rbb1 Rxb1 27.Rxb1 Qa5 28.Qd3 Qb6 29.Rd1 c6
30.bxc6 bxc6 31.Be6 Re8 32.d5 cxd5 33.Nxd5 Qc5 34.Nf4 Be5 35.Nxg2 Rxe6 36.Qxf3 Rf6
37.Qe2 h5 38.Rd2 Kg7 39.Ne1 Bc3 40.Rd5 Qa3 41.Nf3 Rf7 42.Ng5 Qc1+ 43.Kg2 Rb7
44.Ne6+ Kh7 45.Qe4 Qb1 46.Rxh5+ Kg8 47.Qxb1 Rxb1 48.Rd5 Rb6 49.Rg5 Kf7 50.Nf4 Bd2
51.Rg4 Rb2 52.Kf3 Ra2 53.h4 Bb4 54.Nd3 Bd2 55.Rd4 Ke7 56.Nf4 Ba5 57.Nxg6+ Kf7
58.h5 Bb6 59.Rf4+ Kg7 60.Kg2 Kh6 61.g4 Rc2 62.Nf8 Be3 63.Rf5 Bc5 64.Ne6 Rxc4
65.Nxc5 dxc5 66.Kg3 Rc1 67.Rf6+ Kg7 68.Rc6 c4 69.Kh4 c3 70.Kg5 c2 71.Rc7+ Kf8
72.f4 Ke8 73.h6  1-0

[Event "ch-HUN w 2013"]
[Site "Heviz HUN"]
[Date "2013.12.10"]
[Round "8.3"]
[White "Varga,Kl"]
[Black "Dudas,E"]
[Result "1-0"]
[WhiteElo "2211"]
[BlackElo "2276"]

1.Nf3 Nf6 2.c4 g6 3.g3 Bg7 4.Bg2 O-O 5.O-O d6 6.Nc3 e5 7.d3 a5 8.a3 Nbd7
9.Rb1 Nc5 10.b4 axb4 11.axb4 Ne6 12.e3 c6 13.Bb2 Re8 14.b5 Bd7 15.d4 e4 16.Nd2 d5
17.cxd5 cxd5 18.Qb3 b6 19.Nxd5 Nxd5 20.Qxd5 Nc7 21.Qb3 Be6 22.Qc2 f5 23.Rfc1 Nxb5
24.d5 Qxd5 25.Bxg7 Na3 26.Qb2 Nxb1 27.Bh6 Re7 28.Nxb1 Ra2 29.Qb4 Raa7 30.Bf1 b5
31.Nc3 Qe5 32.Nxb5 Rab7 33.Qa3 Kf7 34.Nd6+  1-0

[Event "5th Classic Open 2013"]
[Site "London ENG"]
[Date "2013.12.12"]
[Round "6.17"]
[White "Cox,JohnJ"]
[Black "Franklin,S"]
[Result "1-0"]
[WhiteElo "2382"]
[BlackElo "2306"]

1.c4 Nf6 2.g3 g6 3.Bg2 Bg7 4.Nf3 O-O 5.O-O d6 6.Nc3 Nc6 7.d3 e5 8.Rb1 a5
9.a3 Nd4 10.b4 axb4 11.axb4 c6 12.Bg5 h6 13.Bxf6 Bxf6 14.b5 Bg4 15.bxc6 bxc6
16.e3 Nxf3+ 17.Bxf3 Bxf3 18.Qxf3 Ra3 19.Ne2 d5 20.cxd5 cxd5 21.Rfd1 Kg7 22.h4 h5
23.d4 exd4 24.Nxd4 Bxd4 25.Rxd4 Ra5 26.Rb7 Qf6 27.Rf4 Ra1+ 28.Kh2 Qe6 29.e4 Kg8
30.e5 Re1 31.Rf6 Qe8 32.Qxd5 Qxe5 33.Rxg6+ Kh8 34.Rh6+ Kg7 35.Rxh5 Qxd5 36.Rxd5 Re6
37.Rf5  1-0

[Event "5th Classic Open 2013"]
[Site "London ENG"]
[Date "2013.12.13"]
[Round "7.10"]
[White "Richardson,Joh"]
[Black "Hawkins,Jo"]
[Result "0-1"]
[WhiteElo "2340"]
[BlackElo "2512"]

1.Nf3 Nf6 2.c4 g6 3.g3 Bg7 4.Bg2 O-O 5.O-O d6 6.d4 Nbd7 7.Nc3 e5 8.e4 exd4
9.Nxd4 Re8 10.h3 a6 11.Re1 Rb8 12.Bf4 Ne5 13.b3 Bd7 14.a4 Nc6 15.Nde2 Nb4
16.Qd2 a5 17.Rac1 Qc8 18.Kh2 Bc6 19.Nd4 Nd7 20.Nd5 Bxd5 21.cxd5 Nc5 22.Re3 Qd8
23.h4 h6 24.Rxc5 dxc5 25.Nb5 Be5 26.Bxe5 Rxe5 27.Qc3 Qe7 28.Qd2 Rd8 29.Na3 c6
30.Nc4 Re6 31.d6 Rdxd6 32.Nxd6 Qxd6 33.Qe2 Qd4 34.h5 Kg7 35.Bh3 Re7 36.Bf1 Rd7
37.Bh3 Re7 38.Bf1 Re5 39.hxg6 fxg6 40.Qg4 Nd5 41.Qd7+ Re7 42.Qd6 Rf7 43.Re2 Nc3
44.Qxd4+ cxd4 45.Rd2 Nxe4 46.Rxd4 Nc5 47.f4 Nxb3 48.Rd8 Nc5 49.Bc4 Rf8 50.Rd6 Re8
51.Kh3 Re3 52.Rd8 Re4 53.Ba2 Rxa4 54.Rg8+ Kf6 55.Rf8+ Ke7 56.Rf7+ Ke8  0-1

[Event "5th Classic Open 2013"]
[Site "London ENG"]
[Date "2013.12.14"]
[Round "8.42"]
[White "Roe,S"]
[Black "Quinn,Joh"]
[Result "1-0"]
[WhiteElo "2263"]
[BlackElo "2130"]

1.Nf3 Nf6 2.c4 g6 3.g3 Bg7 4.Bg2 O-O 5.O-O d6 6.d4 Nbd7 7.Nc3 e5 8.e4 a6
9.dxe5 dxe5 10.Qc2 c6 11.Rd1 Qe7 12.b3 b5 13.Bb2 Bb7 14.Qe2 Rfc8 15.Ne1 Re8
16.Nc2 b4 17.Na4 a5 18.a3 Rad8 19.Qe3 c5 20.axb4 axb4 21.Qe2 Qe6 22.f3 Nh5
23.Ne3 f5 24.Nd5 Rf8 25.Bh3 Qf7 26.Rf1 Bc6 27.Rad1 Ra8 28.Qc2 Bh6 29.Rde1 Rae8
30.Qd3 f4 31.Bxd7 Bxd7 32.g4 Bxa4 33.bxa4 Nf6 34.a5 Bg5 35.Ra1 h5 36.gxh5 Nxh5
37.a6 Bf6 38.Rf2 Kg7 39.Rg2 Rh8 40.Ra5 Bd8 41.Ra2 Bc7 42.Qd1 Nf6 43.Rd2 Bb8
44.Qa1 Nxd5 45.Rxd5 Qe7 46.Bc1 Qh4 47.Rf2 Re7 48.Bb2 Rh5 49.Rg2 Kf6 50.Rdd2 Qh3
51.Kf2 Qe6 52.Rd8 Rd7 53.Qg1 g5 54.Rxb8 Qxc4 55.Rb6+ Ke7 56.Qc1 Qxc1 57.Bxc1 Rd1
58.a7  1-0

[Event "5th Classic Open 2013"]
[Site "London ENG"]
[Date "2013.12.14"]
[Round "8.44"]
[White "Stigar,P"]
[Black "Grove,Michael"]
[Result "1/2-1/2"]
[WhiteElo "2240"]
[BlackElo "2091"]

1.Nf3 Nf6 2.c4 g6 3.g3 Bg7 4.Bg2 O-O 5.d4 c5 6.O-O cxd4 7.Nxd4 Nc6 8.Nc3 Nxd4
9.Qxd4 d6 10.Qd3 Qa5 11.h3 Qh5 12.g4 Qh4 13.Bf4 h5 14.Bg3 Qg5 15.f4 Qa5 16.g5 Nd7
17.Nd5 e6 18.Ne7+ Kh8 19.Qxd6 Qb6+ 20.Qxb6 Nxb6 21.c5 Nc4 22.c6 Ne3 23.cxb7 Bxb7
24.Bxb7 Nxf1 25.Bxa8 Nxg3 26.Bf3 Rb8 27.Rb1 Rxb2 28.Rxb2 Bxb2 29.Kf2  1/2-1/2

[Event "5th Classic Open 2013"]
[Site "London ENG"]
[Date "2013.12.15"]
[Round "9.16"]
[White "Harika,D"]
[Black "Gislason,G"]
[Result "1-0"]
[WhiteElo "2487"]
[BlackElo "2318"]

1.Nf3 Nf6 2.c4 g6 3.g3 Bg7 4.Bg2 O-O 5.O-O d5 6.cxd5 Nxd5 7.Nc3 Nb6 8.d4 a5
9.Bf4 a4 10.Rc1 c6 11.Bxb8 Rxb8 12.Nxa4 Nxa4 13.Qxa4 Qb6 14.Qa3 Bxd4 15.Nxd4 Qxd4
16.Rfd1 Qf6 17.Qb4 Ra8 18.a4 Qe5 19.Ra1 Ra5 20.Qd2 Be6 21.b4 Raa8 22.a5 Bb3
23.Rdc1 Rfd8 24.Qe1 Bd5 25.e4 Be6 26.Rc5 Qd4 27.e5 Bc4 28.Bf3 Ba6 29.Rd1 Qb2
30.Rcc1 Qb3 31.Kg2 h5 32.h4 Bc4 33.Rb1 Qa4 34.Qc3 Qb5 35.Kg1 Bd5 36.Bxd5 Rxd5
37.e6 f5 38.Qe3 Qc4 39.Rbc1 f4 40.Qxf4 Rxd1+ 41.Rxd1 Qxf4 42.gxf4 c5 43.bxc5 Rxa5
44.Rd5 Kg7 45.f5 Ra4 46.fxg6 Rxh4 47.Rd7 Kf6 48.f3 Rc4 49.Rxe7 Rxc5 50.Rf7+ Kxe6
51.f4 Rc3 52.Kh2 h4 53.f5+  1-0

[Event "16th Padova Open A 2013"]
[Site "Padova ITA"]
[Date "2013.12.15"]
[Round "1.11"]
[White "Stella,A"]
[Black "Andreoni,G"]
[Result "1-0"]
[WhiteElo "2454"]
[BlackElo "2103"]

1.Nf3 Nf6 2.c4 g6 3.g3 Bg7 4.Bg2 O-O 5.O-O d5 6.cxd5 Nxd5 7.d4 Nb6 8.Nc3 Nc6
9.d5 Na5 10.e4 c6 11.Bf4 cxd5 12.Nxd5 Nxd5 13.exd5 Nc4 14.Qb3 Nd6 15.Rfe1 Re8
16.Be5 Bf8 17.Nd4 Bd7 18.Ne6 fxe6 19.Bxd6 Ba4 20.Qxa4 Qxd6 21.Rxe6 Qc5 22.d6 Bg7
23.Rf1 Qf5 24.Rxe7  1-0

[Event "SportAccord Blitz Women 2013"]
[Site "Beijing CHN"]
[Date "2013.12.16"]
[Round "23.7"]
[White "Zhao Xue"]
[Black "Ju Wenjun"]
[Result "1-0"]
[WhiteElo "2568"]
[BlackElo "2514"]

1.c4 Nf6 2.Nf3 g6 3.g3 Bg7 4.Bg2 O-O 5.O-O d6 6.d4 c6 7.b3 Nbd7 8.Bb2 Qc7
9.Nc3 e5 10.e4 a6 11.Rc1 Re8 12.Re1 exd4 13.Nxd4 Nc5 14.b4 Ncd7 15.Qd2 Nb6
16.Nd1 c5 17.bxc5 dxc5 18.Nb3 Be6 19.Ne3 a5 20.Nd5 Bxd5 21.cxd5 Nbd7 22.d6 Qb6
23.e5 Ng4 24.f4 a4 25.Nxc5 Nxc5 26.Bd4 Ra5 27.Kh1 Qa7 28.Bh3 h5 29.Qe2 b6
30.Bg2 Ne6 31.Bg1 Nh6 32.Rc6 Nc5 33.Rb1 Ra6 34.Bxc5 Nf5 35.Rc7 Qb8 36.Qxa6 g5
37.Qxb6 Qd8 38.Ra7 Qc8 39.Qc6  1-0

[Event "2nd Kurdistan Open 2013"]
[Site "Erbil IRQ"]
[Date "2013.12.16"]
[Round "6.11"]
[White "Nabeel,Aziz U"]
[Black "L'Ami,Alina"]
[Result "1-0"]
[WhiteElo "2055"]
[BlackElo "2390"]

1.Nf3 Nf6 2.g3 g6 3.Bg2 Bg7 4.c4 O-O 5.O-O d6 6.Nc3 c6 7.d4 Bf5 8.Qb3 Qb6
9.Nd2 Na6 10.Qxb6 axb6 11.a3 Nb4 12.e4 Bd7 13.Nb3 Nc2 14.Rb1 c5 15.e5 Ng4
16.Nd5 Ba4 17.Nxe7+ Kh8 18.Nd2 Nxd4 19.exd6 Bc2 20.Ra1 Bd3 21.Nd5 Rad8 22.Nxb6 Rxd6
23.Nd5 Bxf1 24.Bxf1 Re8 25.h3 Nh6 26.Bd3 Ne2+ 27.Kf1 Nxc1 28.Rxc1 Bxb2 29.Rb1 Bxa3
30.Rxb7 Rde6 31.Nf3 Kg7 32.Nc7 Bb4 33.Kg2 Nf5 34.Ng5 R6e7 35.Nxe8+ Rxe8 36.Rxf7+ Kg8
37.Rxh7 Bd2 38.Bxf5 gxf5 39.Rh5 Kg7 40.Nf3 Kg6 41.g4 Bb4 42.Rxf5 Re4 43.Kg3 Kg7
44.Rf4 Re2 45.h4 Ba5 46.Rf5 Bc7+ 47.Kg2 Bd6 48.Rd5 Be7 49.g5 Kf7 50.Re5 Rc2
51.g6+  1-0

[Event "SportAccord Basque Women 2013"]
[Site "Beijing CHN"]
[Date "2013.12.18"]
[Round "5.2"]
[White "Zhao Xue"]
[Black "Ju Wenjun"]
[Result "1-0"]
[WhiteElo "2568"]
[BlackElo "2514"]

1.Nf3 Nf6 2.c4 g6 3.g3 Bg7 4.Bg2 O-O 5.O-O d6 6.d4 Nc6 7.Nc3 a6 8.d5 Na5
9.Nd2 c5 10.Qc2 Rb8 11.a4 Bd7 12.b3 b5 13.axb5 axb5 14.cxb5 Bxb5 15.Qa2 Nd7
16.Bb2 Nxb3 17.Qxb3 Bxe2 18.Qc2 Bxf1 19.Bxf1 Ra8 20.Re1 Re8 21.Bb5 Rb8 22.Bc6 Rf8
23.Nc4 Ne5 24.Nxe5 Bxe5 25.Nd1 Bxb2 26.Nxb2 Qa5 27.Nd3 Qc7 28.Qa4 Rb6 29.h4 e5
30.h5 Rfb8 31.Qc2 Qd8 32.Kg2 Qf6 33.Bd7 Kg7 34.Bc6 Kg8 35.Ba4 Ra6 36.Bb3 Qf5
37.Bc4 Rab6 38.hxg6 hxg6 39.Qe2 Kg7 40.Rh1 Rh8 41.Rxh8 Kxh8 42.Ne1 Kg7 43.Bd3 Qf6
44.Nf3 Qe7 45.Qc2 Rb4 46.Nd2 Rb8 47.Nc4 Rh8 48.Kg1 Qf6 49.Be4 Qe7 50.Qb3 Qc7
51.Qa2 Rb8 52.Kg2 Rb4 53.Qa6 Qb8 54.Bd3 Kf8 55.Be2 Rb3 56.Qxd6+ Qxd6 57.Nxd6 f5
58.Nc4 e4 59.Ne5 Ke7 60.Nxg6+ Kd6 61.Nf4 Rb2 62.Kf1 Rb1+ 63.Kg2 Rb2 64.f3 c4
65.fxe4 fxe4 66.Kf2 c3 67.Ke3 Ke5 68.Bc4 Rh2 69.Ne2 c2 70.Kd2 e3+ 71.Kxc2 Ke4
72.d6 Rh6 73.d7 Rd6 74.Bb5 Kf3 75.Kc3 Kf2 76.g4  1-0

[Event "Caissa IM December 2013"]
[Site "Kecskemet HUN"]
[Date "2013.12.18"]
[Round "3.1"]
[White "Fang,Yuxiang"]
[Black "Farkas,Ti"]
[Result "1/2-1/2"]
[WhiteElo "2189"]
[BlackElo "2252"]

1.Nf3 Nf6 2.c4 g6 3.g3 Bg7 4.Bg2 O-O 5.O-O d6 6.d4 Nbd7 7.Nc3 e5 8.dxe5 dxe5
9.b3 Re8 10.Bb2 c6 11.Qc2 Qe7 12.Rad1 Nf8 13.Qc1 e4 14.Ng5 Bf5 15.Ba3 Qc7
16.h3 h5 17.Bd6 Qc8 18.Qe3 N8h7 19.Bf4 Nxg5 20.Bxg5 Nh7 21.Bh6 Bxh6 22.Qxh6 Bxh3
23.Rd4 Bxg2 24.Kxg2 Qf5 25.Qf4 Qxf4 26.gxf4 Nf6 27.Rfd1 Kg7 28.e3 Re7 29.Rd6 Rae8
30.Na4 Re6 31.Nc5 Rxd6 32.Rxd6 Re7 33.Kg3 b6 34.Na4 Rd7 35.Rxc6 Rd2 36.c5 bxc5
37.Nc3 Ng4 38.Nxe4 Rxa2 39.Rxc5 Rb2 40.Rc7 Rxb3 41.Ng5 Nh6 42.Rxa7 Kg8 43.Kg2 Rb2
44.e4 Rc2 45.e5 Rc4 46.Ra8+ Kg7 47.Ra7 Kg8 48.Kf3 Rc3+ 49.Kg2 Rc4 50.Kf3  1/2-1/2

[Event "AUS Masters IM"]
[Site "Melbourne AUS"]
[Date "2013.12.20"]
[Round "7.4"]
[White "Stojic,D"]
[Black "Brown,An"]
[Result "1/2-1/2"]
[WhiteElo "2246"]
[BlackElo "2245"]

1.Nf3 Nf6 2.c4 g6 3.g3 Bg7 4.Bg2 O-O 5.Nc3 d6 6.O-O Nc6 7.Rb1 a5 8.d3 e5
9.a3 h6 10.b4 axb4 11.axb4 Ne8 12.b5 Nb8 13.Bb2 f5 14.Ra1 Rxa1 15.Qxa1 Nd7
16.Ne1 Nc5 17.Nc2 Be6 18.Nb4 f4 19.Na4 Nxa4 20.Qxa4 Bg4 21.Qc2 Qg5 22.Bxb7 Qh5
23.Re1 fxg3 24.fxg3 Bh3 25.e3 Nf6 26.Bg2 Ng4 27.Bc3 Bxg2 28.Qxg2 Rf2 29.Qd5+ Kh7
30.h4 Qf5 31.Qe4 Qc8 32.Nd5 Ra2 33.Rf1 Nh2 34.Rf2 Rxf2 35.Kxf2 Ng4+ 36.Kg2 h5
37.Qxg6+ Kxg6 38.Ne7+ Kf7 39.Nxc8 Nxe3+ 40.Kf3 Ng4 41.Ba5 Ke6 42.Na7 Kd7
43.Nc6 Bh6 44.Bc3 Be3 45.Nb4 Bc5 46.Nd5 c6 47.bxc6+ Kxc6 48.Bd2 Nh2+ 49.Ke4 Bf2
50.Ne7+ Kd7 51.Nf5 Nf1 52.Kf3 Bxg3 53.Bg5 Be1 54.Ng7 Ng3 55.Bd2 Bxd2 56.Kxg3 Be1+
57.Kh3 Kc6 58.Nxh5 d5 59.Nf6 dxc4 60.dxc4 Bxh4  1/2-1/2

[Event "51st Groningen Open A 2013"]
[Site "Groningen NED"]
[Date "2013.12.22"]
[Round "2.38"]
[White "Burg,B"]
[Black "Zojer,S"]
[Result "1/2-1/2"]
[WhiteElo "2227"]
[BlackElo "2089"]

1.Nf3 Nf6 2.c4 g6 3.g3 Bg7 4.Bg2 O-O 5.O-O d6 6.Nc3 e5 7.d3 Nc6 8.Rb1 Bd7
9.b4 Qc8 10.Bg5 h6 11.Bxf6 Bxf6 12.Nd5 Bd8 13.b5 Ne7 14.Nf6+ Kg7 15.Nxd7 Qxd7
16.d4 e4 17.Nd2 f5 18.d5 Ng8 19.Nb3 Bf6 20.Nd4 Bxd4 21.Qxd4+ Nf6 22.Rfd1 b6
23.Rb3 a5 24.f4 exf3 25.exf3 Rae8 26.Kf2 Re7 27.Re1 Rxe1 28.Kxe1 Re8+ 29.Re3 Rxe3+
30.Qxe3 Qe8 31.Qxe8 Nxe8 32.Kd2 Nf6 33.Ke3 Nd7 34.f4 Nc5 35.Bf3 Kf6 36.Kd4 g5
37.Ke3 Na4 38.Kd4 Kg6 39.Bd1 Nc5 40.Bf3 g4 41.Be2 h5 42.Bd3 h4 43.Bc2 h3
44.Ke3 Nd7 45.Kd4 Nf6 46.Ke3 Nh5 47.Kf2 Nf6 48.Ke3 Nh5  1/2-1/2

[Event "51st Groningen Open A 2013"]
[Site "Groningen NED"]
[Date "2013.12.22"]
[Round "2.42"]
[White "Balje,J"]
[Black "Gutkind,Kedem"]
[Result "1-0"]
[WhiteElo "2198"]
[BlackElo "2066"]

1.Nf3 Nf6 2.c4 g6 3.g3 Bg7 4.Bg2 O-O 5.d4 d5 6.cxd5 Nxd5 7.O-O c6 8.Nc3 Nxc3
9.bxc3 Nd7 10.e4 e5 11.Rb1 exd4 12.cxd4 Nb6 13.Bg5 f6 14.Qb3+ Kh8 15.Bf4 Re8
16.Rfe1 Be6 17.Qc2 Qd7 18.Rbd1 g5 19.Bc1 Qf7 20.e5 g4 21.exf6 gxf3 22.fxg7+ Kxg7
23.d5 Nxd5 24.Bb2+ Kg8 25.Bf1 Bf5 26.Qb3 Be6 27.Bc4 Nf4 28.Rxe6 Nxe6 29.Re1 Rad8
30.Qc3 Qg6 31.Rxe6 Rxe6 32.Bxe6+ Kf8 33.Ba3+  1-0

[Event "St Petersburg Blitz Prelim 2013"]
[Site "St Petersburg RUS"]
[Date "2013.12.22"]
[Round "1.4"]
[White "Khahaev,Dmitriy"]
[Black "Levin,Ev"]
[Result "0-1"]
[WhiteElo "2134"]
[BlackElo "2514"]

1.Nf3 Nf6 2.c4 g6 3.g3 Bg7 4.Bg2 O-O 5.O-O d6 6.Nc3 Nc6 7.d4 Rb8 8.b3 Bf5
9.a3 Ne4 10.Bb2 Nxc3 11.Bxc3 Be4 12.Qd2 e5 13.dxe5 dxe5 14.Rfd1 Qc8 15.Qb2 Re8
16.Rd2 Bh6 17.e3 Bg7 18.Rad1 h6 19.b4 f6 20.Qb3 Kh8 21.Nh4 Bxg2 22.Kxg2 g5
23.Nf3 e4 24.Ng1 Qe6 25.Ne2 b5 26.Nd4 Nxd4 27.Rxd4 Re7 28.Rd5 Kh7 29.cxb5 Rxb5
30.Qc4 c6 31.Rc5 Rxc5 32.Qxc5 Rd7 33.Rxd7 Qxd7 34.Bd4 a6 35.a4 h5 36.Qc4 h4
37.h3 g4 38.hxg4 Qxg4 39.Qf1 Qf3+ 40.Kh2 hxg3+ 41.Kg1 gxf2+ 42.Qxf2 Qxf2+
43.Kxf2 f5 44.Bc5 Kg6 45.Kg3 Be5+ 46.Kf2 Kg5 47.Be7+ Kg4 48.Bc5 f4 49.exf4 Bxf4
50.Ke2 Kf5 51.Bb6 Ke6 52.Bc5 Kd5 53.a5 Kc4 54.Be7 Be5 55.Ke3 Bc3 56.Kxe4 Bxb4
57.Bd8 Kb5 58.Kd4 Bxa5 59.Be7 Bb4 60.Bg5 a5 61.Bc1 a4 62.Kd3 Bd6 63.Kc2 Kc4
64.Bd2 Bb4 65.Be3 Bc3 66.Kb1 Kb3 67.Bc1 a3  0-1

[Event "St Petersburg Blitz Prelim 2013"]
[Site "St Petersburg RUS"]
[Date "2013.12.22"]
[Round "4.5"]
[White "Yevseev,D"]
[Black "Bodnaruk,A"]
[Result "1-0"]
[WhiteElo "2532"]
[BlackElo "2448"]

1.Nf3 Nf6 2.c4 g6 3.g3 Bg7 4.Bg2 O-O 5.O-O d6 6.d4 Nc6 7.Nc3 a6 8.Bf4 Rb8
9.Rc1 Bd7 10.b3 b5 11.Nd5 Ne4 12.cxb5 axb5 13.Ng5 Nxg5 14.Bxg5 f6 15.Be3 b4
16.Nxc7 Qxc7 17.d5 Rb5 18.dxc6 Be6 19.Qd3 Rfb8 20.Rc2 f5 21.Bd4 Bxd4 22.Qxd4 Bf7
23.Rd1 R8b6 24.Rdc1 e5 25.Qd2 d5 26.h4 Kg7 27.h5 Ra5 28.h6+ Kf6 29.f4 Ra8
30.fxe5+ Qxe5 31.c7 Rc8 32.Qf4 Qxf4 33.gxf4 Ke7 34.Rc5 Kd6 35.e3 Rb7 36.Rc6+ Kd7
37.Kf2 Rbxc7 38.Rxc7+ Rxc7 39.Rxc7+ Kxc7 40.Ke2 Kd6 41.Kd3 Kc5 42.Bf3 Be8
43.Bd1 Bb5+ 44.Kd2 d4 45.Bc2 dxe3+ 46.Kxe3 Bd7 47.Bd3 Be6 48.Ba6 Kb6 49.Bc4 Bxc4
50.bxc4 Kc5 51.Kd3 Kd6 52.Kd4 Kc6 53.c5 Kc7 54.Kc4 Kc6 55.Kxb4 Kd5 56.Kb5  1-0

[Event "St Petersburg Blitz Prelim 2013"]
[Site "St Petersburg RUS"]
[Date "2013.12.22"]
[Round "9.5"]
[White "Orlov,O2"]
[Black "Duzhakov,I"]
[Result "0-1"]
[WhiteElo "2311"]
[BlackElo "2390"]

1.Nf3 Nf6 2.c4 g6 3.g3 Bg7 4.Bg2 O-O 5.O-O d5 6.cxd5 Nxd5 7.d4 Nc6 8.Nc3 Nb6
9.Bf4 Nxd4 10.Nxd4 e5 11.Nc6 bxc6 12.Be3 Bb7 13.Qb3 Rb8 14.Bc5 Re8 15.Rfd1 Qc8
16.a4 Ba8 17.a5 Nd7 18.Qa3 Nxc5 19.Qxc5 Bf8 20.Qxa7 Rxb2 21.Ne4 Kg7 22.Qe3 Qa6
23.Qf3 f5 24.Rd7+ Re7 25.Rxe7+ Bxe7 26.Qc3 Qb5 27.Nc5 Bxc5 28.Qxe5+ Kf7 29.Qxc7+ Be7
30.e4 Rb1+ 31.Rxb1 Qxb1+ 32.Bf1 Qxe4 33.Bg2 Qe1+ 34.Bf1 c5 35.Qb6 Qe4 36.Bc4+ Qxc4  0-1

[Event "St Petersburg Blitz Prelim 2013"]
[Site "St Petersburg RUS"]
[Date "2013.12.22"]
[Round "11.4"]
[White "Yevseev,D"]
[Black "Kashtanov,R"]
[Result "1/2-1/2"]
[WhiteElo "2532"]
[BlackElo "2322"]

1.Nf3 Nf6 2.c4 g6 3.g3 Bg7 4.Bg2 O-O 5.O-O c5 6.d4 cxd4 7.Nxd4 d5 8.cxd5 Nxd5
9.Nc3 Nxc3 10.bxc3 Nc6 11.Nxc6 bxc6 12.Qxd8 Rxd8 13.Bxc6 Bxc3 14.Rb1 Bh3
15.Bxa8 Bxf1 16.Kxf1 Rxa8 17.Rb7 Bf6 18.Bd2 a6 19.a4 Rd8 20.Ke1 h5 21.Bb4 Rd4
22.Bxe7 Bxe7 23.Rxe7 Rxa4  1/2-1/2